Statistics for A to Z Typed in Under 15 Seconds

Click here to take the quiz!

General Stats

  • This quiz has been taken 191 times
  • The average score is 22 of 26

Answer Stats

Answer% Correct
A
100%
E
96%
D
93%
B
91%
C
91%
F
91%
H
90%
I
90%
G
89%
J
89%
L
86%
O
84%
K
83%
Q
83%
M
81%
P
81%
S
80%
T
80%
N
79%
R
79%
U
79%
V
75%
W
75%
Y
74%
X
72%
Z
72%

Score Distribution

Percentile by Number Answered

Percent of People with Each Score

Your Score History

You have not taken this quiz